000 00299nam a22001337a 4500
008 180316b xxu||||| |||| 00| 0 eng d
020 _a9781572303195
041 _aeng
080 _a37
100 _a25
101 _aEDU
245 _aReading instruction that works
_cPressley,M
942 _2udc
_cBK
999 _c45209
_d45209